<?xml version="1.0" encoding="UTF-8"?>
<marc:record xmlns:marc="http://www.loc.gov/MARC21/slim">
   <marc:leader>00000nam a2200000 a 4500</marc:leader>
   <marc:datafield ind1="1" ind2=" " tag="100">
      <marc:subfield code="a">Zulehner, Paul M. (Hrsg.)</marc:subfield>
      <marc:subfield code="4">aut</marc:subfield>
      <marc:subfield code="e">Verfasser/-in</marc:subfield>
   </marc:datafield>
   <marc:datafield ind1=" " ind2=" " tag="653">
      <marc:subfield code="a">Kirche</marc:subfield>
   </marc:datafield>
   <marc:datafield ind1=" " ind2=" " tag="653">
      <marc:subfield code="a">Kirchenreform</marc:subfield>
   </marc:datafield>
   <marc:datafield ind1=" " ind2=" " tag="653">
      <marc:subfield code="a">Kirchenvolksbegehren</marc:subfield>
   </marc:datafield>
   <marc:datafield ind1="0" ind2="0" tag="245">
      <marc:subfield code="a">Kirchenvolks-Begehren und Weizer Pfingstvision</marc:subfield>
   </marc:datafield>
   <marc:datafield ind1="0" ind2="0" tag="245">
      <marc:subfield code="b">Kirche auf Reformkurs</marc:subfield>
   </marc:datafield>
   <marc:datafield ind1="0" ind2="0" tag="245">
      <marc:subfield code="c">Paul M. (Hrsg.) Zulehner</marc:subfield>
   </marc:datafield>
   <marc:datafield ind1=" " ind2="1" tag="264">
      <marc:subfield code="a">Düsseldorf</marc:subfield>
      <marc:subfield code="b">Patmos; Ibk: Tyrolia</marc:subfield>
      <marc:subfield code="c">1995</marc:subfield>
   </marc:datafield>
   <marc:datafield ind1="1" ind2=" " tag="520">
      <marc:subfield code="a">Kirchenvolks-Begehren:&lt;br/&gt;ein demokratisches Instrument in der Kirche,  um aufgestauten Ärger wie gewachsenen Reform-&lt;br/&gt;willen breiter Kreise im Kirchenvolk sicht-&lt;br/&gt;bar zu machen. Die Forderung nach kirchli-&lt;br/&gt;chen Reformen und darin ein vielschichtiges  Interesse an der Kirche sind unübersehbar.&lt;br/&gt;Es ist zu wünschen, daß die erhofften Refor-&lt;br/&gt;men, die durch die Schubkraft des Kirchen-&lt;br/&gt;volks-Begehrens möglich werden, nicht zu  einer Ausdünnung, sondern zu einer Radikali-&lt;br/&gt;sierung der Kirche aus der Kraft des  Evangeliums führen werden. Vielleicht kann  dieses auch nur dann eine Frohbotschaft  werden und froh machen, wenn das Risiko nicht  gescheut wird. No risk, no fun.&lt;br/&gt; </marc:subfield>
   </marc:datafield>
   <marc:datafield ind1=" " ind2=" " tag="041">
      <marc:subfield code="a">ger</marc:subfield>
   </marc:datafield>
   <marc:datafield ind1="1" ind2=" " tag="521">
      <marc:subfield code="a">0</marc:subfield>
   </marc:datafield>
   <marc:datafield ind1=" " ind2=" " tag="300">
      <marc:subfield code="a">319 S.</marc:subfield>
   </marc:datafield>
</marc:record>
